| 000 | 00535nam a2200193Ia 4500 | ||
|---|---|---|---|
| 003 | IN-BaIIA | ||
| 008 | 211028s9999 xx 000 0 eng d | ||
| 020 | _a0-08-017118-4 | ||
| 040 | _cIIA Library | ||
| 080 |
_a047.1:52 _bVIA-15 |
||
| 245 | 0 |
_aVistas in astronomy _bvol. 15 _cedited by Arthur Beer |
|
| 260 |
_aOxford _bPergamon Press _c1973 |
||
| 300 | _avii, 192p. | ||
| 650 |
_aAstronomy _980 |
||
| 650 | _aAstronomy and Astrophysics Thesaurus | ||
| 650 |
_aAstrophysics _9794 |
||
| 700 |
_aBeer, Arthur., ed. _93137 |
||
| 942 | _cBK | ||
| 999 |
_c4700 _d4700 |
||